00434nam a2200193Ia 4500003000900000008004100009040001300050040001300063041000800076100002200084245004600106250001200152260001100164260000900175300001100184300001000195490002800205490000700233IT-RoPAU120407s9999 xx 000 0 und d aIT-RoPAU cIT-RoPAU aita aChristopher Smart aJubilate agno. Cur. Francesca Romana Paci aMilano  aGuanda c1983 a335 p. c22 cm aBiblioteca della Fenice v48